| 000 | 00483nam a2200157Ia 4500 | ||
|---|---|---|---|
| 008 | 210716s2015 xx 000 0 und d | ||
| 020 | _a9788131521250 | ||
| 041 | _aeng | ||
| 082 | _a658.7 COYJ | ||
| 100 | _aCoyle, John J;Langley, C John;Novak, Robert A. | ||
| 245 |
_aManaging supply chains: a logistics approach. _bLogistics approach. |
||
| 250 | _a9 | ||
| 260 |
_aNew Delhi _bCengage Learning India Pvt Ltd _c2015 |
||
| 300 | _axxv,693 | ||
| 650 | _aMaterials Management(658.7) | ||
| 999 |
_c210166 _d210166 |
||